000 00379nam a2200157Ia 4500
008 230711s9999||||xx |||||||||||||| ||und||
041 _aENG
082 _a720
_bSE-S
100 _aSerageldin Ismail
245 0 _aSpace for freedom
250 _a1st Ed.
260 _c1989
_aNew York
_bButterworth Architecture Publisher
300 _a304
650 _aArchitecture
942 _cBK
999 _c2819
_d2819